Disección del gato (Record no. 78082)

MARC details
000 -LEADER
campo de control de longitud fija 00643nam a2200193 i 4500
001 - NÚMERO DE CONTROL
campo de control 78082
003 - IDENTIFICADOR DE NÚMERO DE CONTROL
campo de control ES-MaACL
005 - FECHA Y HORA DE LA ÚLTIMA TRANSACCIÓN
campo de control 20230906173533.0
007 - CAMPO FIJO DE DESCRIPCIÓN FÍSICA--INFORMACIÓN GENERAL
campo de control de longitud fija t|
008 - DATOS DE LONGITUD FIJA--INFORMACIÓN GENERAL
campo de control de longitud fija 041011s1969 sp ||||1| spa d
100 1# - ENTRADA PRINCIPAL--NOMBRE DE PERSONA
Nombre de persona Harrison, Bruce M.
9 (RLIN) 61930
245 10 - MENCIÓN DEL TÍTULO
Título Disección del gato
Resto del título : (y comparación con el hombre) /
Mención de responsabilidad, etc. Bruce M. Harrison ; traducido por J. Sandoval Juarez, C. Climent Peris.
260 ## - PUBLICACIÓN, DISTRIBUCIÓN, ETC.
Lugar de publicación, distribución, etc. Zaragoza :
Nombre del editor, distribuidor, etc. Acribia,
Fecha de publicación, distribución, etc. [1969]
300 ## - DESCRIPCIÓN FÍSICA
Extensión 248 p., 50 lám. ;
Dimensiones 25 cm.
650 #4 - PUNTO DE ACCESO ADICIONAL DE MATERIA--TÉRMINO DE MATERIA
Término de materia o nombre geográfico como elemento de entrada Gatos-
Subdivisión general Anatomía.
9 (RLIN) 153342
700 1# - ENTRADA AGREGADA--NOMBRE PERSONAL
Nombre de persona Sandoval, J.
9 (RLIN) 103112
700 1# - ENTRADA AGREGADA--NOMBRE PERSONAL
Nombre de persona Climent Peris, Salvador.
9 (RLIN) 39263
852 ## - LOCALIZACIÓN
Ubicación ES-MaACL
Número de control de estantería C-41774
Sublocalización o colección R.72423
Holdings
Estatus retirado Estado de pérdida Estado de daño No para préstamo Biblioteca de origen Biblioteca actual Ubicación en estantería Fecha de adquisición Fuente de adquisición Total de préstamos Signatura topográfica completa Código de barras Visto por última vez Precio de reemplazo Tipo de ítem Koha
        Biblioteca del Ateneo de Madrid Biblioteca del Ateneo de Madrid Depósito 2 17/01/2008     C-41774 1081683 23/02/2023 23/02/2023 Libro impreso